000 00820cam a2200193 4500
001 L137336
008 070329s2007 xxk f 000 0 eng d
035 _a(Sirsi) u137336
041 0 _aeng
245 0 0 _aSurvey
_bRussia and Turkey
260 _c2007
490 0 _aEuroProperty
_v19 March 2007, 33-39(6)
520 _aDiscusses the investment potentials and risks in the Turkish and Russian commercial real estate markets. Reports that the high levels of investment in the Moscow office market may push yields down, although political uncertainty my thwart this trend. Discusses the Russian and Turkish retail market, reporting that the Istanbul shopping mall market may be reaching saturation.
590 _aKA
651 4 _aRUSSIA
651 4 _aTURKEY
690 _aPROPERTY-COMMERCIAL PROPERTY
942 _n0
999 _c106737
_d106737